| 000 | 00722nam a22001937a 4500 | ||
|---|---|---|---|
| 005 | 2010081704344.0 | ||
| 010 | _aENG-100599 | ||
| 020 |
_a9788184245592 _c250.00 |
||
| 035 | _aEN-84132 | ||
| 037 | _bDBAD/PUB | ||
| 082 | _a306.7660954 | ||
| 100 |
_aMerchant,Hoshang _914347 |
||
| 245 |
_aIndian Homosexuality : _bancient India to contemporary India / _cby Hoshang Merchant |
||
| 260 |
_aNew Delhi _bAllied Publishers _c2010 |
||
| 270 |
_a1/13-14 Asaf Ali Road _bNew Delhi _e110002 |
||
| 300 |
_ax,161p _c21cm(pbk) |
||
| 942 |
_2ddc _cEN _h306.7660954 _mMER |
||
| 999 |
_c42282 _d42282 |
||